| 000 | 03470ncm0a2200517 4500 | ||
|---|---|---|---|
| 001 | RU\NLR\ONIZ\197500 | ||
| 005 | 20260406164425.0 | ||
| 035 | _a(NLR Aleph) 010405077 | ||
| 090 |
_a9725362 _c9725362 |
||
| 100 | _a20131008d2006 |||y0rusy50 ca | ||
| 101 | 0 |
_adan _arus |
|
| 102 | _aRU | ||
| 125 | _azx | ||
| 128 | _ahy | ||
| 145 | 0 | _ac | |
| 200 | 1 |
_aГимн в честь Августейшей покровительницы Полоцкого женского училища духовного ведомства в г. Витебске Ее Императорского Величества Государыни Императрицы Марии Федоровны _bНоты _dHymne til ære for protektrice for Polotsk pigeskole i byen Vitebsk, hendes Majestæt Kejserinde Maria Fedorovna _zdan _fМ. А. Балакирев _gпредисл. Р. Хелмс _gст. Т. Зайцевой |
|
| 205 | _a1-я публ. | ||
| 210 |
_aСанкт-Петербург _cКомпозитор - Санкт-Петербург _d2006 |
||
| 215 |
_a12 с. _cпортр. _d21х15 см |
||
| 300 | _aНа обл. : К церемонии перезахоронения 28 сентября 2006 г. | ||
| 300 | _aСт. Т. Зайцевой рус., англ.: с. 10-12 | ||
| 313 | _aСистематизация документа проведена по изданию - Методика классифицирования музыкальных произведений (нотных изданий) по таблицам Библиотечно-библиографических классификаций : метод. рекомендации / Гос. б-ка СССР им. В.И. Ленина.- М., 1977. Индексу ББК методических рекомендаций присваивается код ББК для научных библиотек - LBC/SL | ||
| 600 | 0 |
_aМария Федоровна _f1847-1928 _cрос. имп. _xНоты _yРоссия _2nlr_sh _7ba |
|
| 602 |
_xНоты _yРоссия _aРомановы (царская династия) _f1613-1917 _2nlr_sh |
||
| 606 | 1 |
_aХоровая музыка русская _z19 в. _jНоты _2nlr_sh |
|
| 606 | 1 |
_aМузыкальные произведения для женского хора _yРоссия _jНоты _2nlr_sh |
|
| 606 | 1 |
_aГимны _yСССР _z20 в. _jНоты _2nlr_sh |
|
| 608 |
_aГимн _xНоты _yРоссия _z19 в. _2nlr_sh |
||
| 686 |
_aЩ941.2-42-043.4(28) _vLBC/SL _2rubbk |
||
| 686 |
_aЩ93(28)5-41 _vLBC/SL _2rubbk |
||
| 700 | 1 |
_9z04790 _aБалакирев _bМ. А. _f1837-1910 _gМилий Алексеевич _4230 _7ca |
|
| 702 | 0 |
_4280 _8rus _7ca _aМария Федоровна _cимператрица российская _f1847-1928 _3RU\NLR\AUTH\7710845 _9120609 |
|
| 702 | 1 |
_9z14790 _aХелмс _bР. _gРикке _4080 |
|
| 702 | 1 |
_9z15790 _aЗайцева _bТ. А. _gТатьяна Андреевна _4075 |
|
| 790 | 1 |
_9z04700 _aBalakirev _bM. A. _f1837-1910 _gMilij Alekseevich _4230 _7ba |
|
| 790 | 0 |
_4280 _8rus _7ba _aMarija Fedorovna _cимператрица российская _f1847-1928 _3RU\NLR\AUTH\770181454 _9181403 |
|
| 790 | 1 |
_9z14702 _aHelms _bR. _gRikke _4080 |
|
| 790 | 1 |
_9z15702 _aZaitseva _bT. A. _gTatiana Andreyevna _4075 |
|
| 801 | 0 |
_aRU _bNLR _c20131008 _gPSBO |
|
| 801 | 1 |
_aRU _bNLR _c20131008 _2rusmarc |
|
| 801 | 2 |
_aRU _bNLR _c20201027 |
|
| 852 |
_aNLR _bМ _j986/213 _p281798 _t1 |
||
| 942 | _cSCORE | ||
| 980 | _aNB | ||
| 980 | _aONIZ | ||